[Event "49th Rilton Cup 2019-20"]
[Site "Stockholm"]
[Date "2020.01.05"]
[Round "9.20"]
[White "Furhoff, Johan"]
[Black "Savanovic, Aleksandar"]
[Result "0-1"]
[WhiteElo "2327"]
[BlackElo "2414"]
[Annotator "TA"]
[PlyCount "72"]
[EventDate "2019.12.27"]
[EventType "swiss"]
[EventCountry "SWE"]
[SourceTitle "playchess.com"]
[Source "ChessBase"]
[SourceQuality "1"]

{[%evp 25,72,27,33,32,38,42,53,45,40,0,0,0,0,0,0,0,0,-22,-22,-10,-16,-30,-20,-127,-133,-125,-125,-133,-126,-133,-131,-117,-120,-125,-125,-311,-292,-500,-479,-1113,-1101,-951,-535,-542,-527,-12799,-1195,-29996,-29997]} 1. e4 e5 2. Nf3 Nc6 3. Bb5 a6 4. Ba4 Nf6 5. O-O Nxe4 6. d4 b5 7. Bb3 d5 8. dxe5 Be6 9. c3 Be7 10. Nbd2 {[%cal Bb1d2,Bd2f1,Bf1g3][%mdl 32]} Nc5 11. Bc2 Bg4 12. Re1 O-O 13. h3 Bh5 $1 14. Nf1 {C82: Open Ruy Lopez: 9 c3 without 9...Be7} (14. b4 Ne6 15. a4 Qd7 16. axb5 axb5 17. Rxa8 Rxa8 18. Bd3 d4 19. Nb3 Rb8 20. Be4 Bg6 21. Bxg6 hxg6 22. Nfxd4 Ncxd4 23. Nxd4 Nxd4 {½-½ (40) Mozharov,M (2539)-Shukh,N (2435) Moscow 2018}) 14... Re8 15. Ng3 Bg6 16. Be3 {White is slightly better.} Qd7 17. Bd4 $146 ({Predecessor:} 17. b4 Ne6 18. Bb3 Rad8 19. a4 d4 20. axb5 axb5 21. Bxe6 fxe6 22. Bxd4 Nxd4 23. Qxd4 {½-½ (44) Viswanadha,K (2147)-Akylbekov,N (2270) Arlington 2013}) 17... Ne6 18. Nf5 Ncxd4 19. Nxe7+ Qxe7 20. cxd4 Rac8 21. Rc1 c5 22. dxc5 Rxc5 23. Bb3 Be4 {Strongly threatening ...Rxc1.} 24. Nd2 (24. Rxc5 $11 Qxc5 25. a3) 24... Rxc1 $1 $17 25. Qxc1 {[#]} Bxg2 $1 {[%mdl 512]} 26. Kxg2 {Black must now prevent Nf3.} Nf4+ $1 27. Kf1 {And now Qc6 would win.} Qg5 $40 {[%csl Gf4][%cal Rg5g2][%mdl 128] Black goes for the king.} 28. Bxd5 Nxd5 29. Qc6 {[%cal Rc6e8]} Rd8 30. Ne4 $2 (30. e6 $17) 30... Qf5 31. e6 $2 (31. Kg2 {was worth a try.}) 31... fxe6 32. Nc5 (32. Kg1 $142 Qxh3 33. Nd2) 32... Qxh3+ $19 33. Kg1 Qg4+ 34. Kf1 Nf4 {( -> ...Qh3+)} ({Not} 34... Ne3+ 35. Rxe3 Rd1+ 36. Re1 $11) 35. Nd7 {[#]} h5 (35... e5 $142 $1 36. Rxe5 (36. Nxe5 Qh3+) 36... Rxd7 37. Qc8+ Kf7 38. Qe8+ Kf6 39. Rf5+ Qxf5 40. Qf8+ Rf7 41. Qd8+ Kg6 42. f3 {[#]} Qb1+ $1 {[%mdl 576] Double Attack} 43. Kf2 Qc2+ 44. Ke3 Kf5 45. Qd2 Re7+ 46. Kf2 Qxd2+ 47. Kg3 Qg2+ 48. Kh4 Qh3#) 36. Ne5 Qh3+ {Accuracy: White = 31%, Black = 81%.} 0-1

[Event "49th Rilton Cup 2019-20"]
[Site "Stockholm"]
[Date "2020.01.05"]
[Round "9.21"]
[White "Kenneskog, Theodor"]
[Black "Piesik, Piotr"]
[Result "1/2-1/2"]
[WhiteElo "2305"]
[BlackElo "2419"]
[Annotator "TA"]
[PlyCount "102"]
[EventDate "2019.12.27"]
[EventType "swiss"]
[EventCountry "SWE"]
[SourceTitle "playchess.com"]
[Source "ChessBase"]
[SourceQuality "1"]

{[%evp 26,102,79,73,82,62,74,36,49,43,60,22,105,49,73,59,83,57,75,72,71,75,95,46,36,44,28,7,7,12,13,0,0,0,0,0,0,0,0,0,0,0,0,0,0,0,0,0,0,0,0,0,1,1,23,23,23,16,18,20,32,32,32,32,40,40,40,0,40,0,81,44,44,44,46,46,47,47,47]} 1. c4 g6 2. e4 Bg7 3. d4 d6 4. Nc3 Nf6 5. Nf3 O-O 6. Be2 e5 7. O-O Nc6 8. d5 Ne7 9. Ne1 Ne8 10. Be3 f5 11. f3 f4 12. Bf2 g5 13. Rc1 Ng6 14. c5 h5 {E98: King's Indian: Classical Main Line: 9 Ne1} 15. Nd3 (15. cxd6 cxd6 16. a4 Bh6 17. Nd3 Bd7 18. Nb5 a6 19. Na3 Rb8 20. Rc3 Rf7 21. Kh1 Rg7 22. Ne1 {1-0 (51) Mchedlishvili,M (2626)-Rapport,R (2559) Plovdiv 2012}) 15... Rf7 16. Kh1 Bf8 17. Rg1 $146 ({Predecessor:} 17. Nb5 a6 18. Na3 Nf6 19. Nc4 g4 20. cxd6 Bxd6 21. Nc5 Bxc5 22. Bxc5 {1-0 (42) Hildebrand,G (2178)-Littke,H (2060) GER email 2010}) 17... Nf6 18. cxd6 Bxd6 (18... cxd6 $11 {keeps the balance.} 19. Qb3 g4) 19. g3 (19. Nc5 $16) 19... fxg3 $14 20. Rxg3 Nh7 21. Nb5 a6 22. Nxd6 cxd6 23. Qd2 {Hoping for Be3.} Rg7 24. Rgg1 Bh3 25. Be3 {[%cal Re3g5]} Nf4 26. Nxf4 gxf4 27. Bf2 Rc8 28. Qe1 Rcc7 29. Rxc7 Qxc7 30. Rxg7+ Kxg7 31. Qc3 Qd8 {[#] White must now prevent ...Qg5.} 32. Qe1 Qc7 33. Qc3 Qd8 34. Qe1 Nf8 35. Bh4 Qc7 36. Qc3 Qb6 37. Be1 (37. Qb3 {feels hotter.} Qa7 38. Qc2 Qb6 39. Bd1 Qa5 40. a3) 37... Qd8 {[#] Strongly threatening ...Qg5.} 38. Qd3 Kf7 39. Bf1 Bd7 {And now ...Bb5 would win.} 40. Qb3 Qc7 41. Qc3 Qb6 42. Kg2 Ng6 43. Bf2 Qd8 44. Kh1 Ke8 45. Qb4 Qc7 46. Qc3 Qd8 47. Qb4 Bc8 (47... Qc7 $11) 48. Qb6 Qxb6 {White is slightly better.} 49. Bxb6 Nh4 50. Be2 Bh3 51. Kg1 Kd7 {Accuracy: White = 50%, Black = 74%.} 1/2-1/2

[Event "49th Rilton Cup 2019-20"]
[Site "Stockholm"]
[Date "2020.01.05"]
[Round "9.22"]
[White "Zadruzny, Nicolaj"]
[Black "Haug, Johannes"]
[Result "0-1"]
[WhiteElo "2308"]
[BlackElo "2407"]
[Annotator "TA"]
[PlyCount "116"]
[EventDate "2019.12.27"]
[EventType "swiss"]
[EventCountry "SWE"]
[SourceTitle "playchess.com"]
[Source "ChessBase"]
[SourceQuality "1"]

{[%evp 13,116,9,0,7,6,0,0,0,0,0,0,0,0,4,6,8,17,17,16,12,1,0,0,0,10,0,0,0,0,0,0,0,0,0,0,-18,-11,-21,-20,-62,-62,-47,-47,-88,-94,-91,-87,-85,-83,-89,-82,-89,-67,-72,-71,-76,-66,-110,-110,-147,-147,-147,-147,-166,-154,-195,-90,-90,-90,-90,-90,-90,-90,-90,-239,-238,-231,-200,-844,-869,-825,-854,-852,-1205,-697,-1287,-1141,-1254,-1171,-1260,-1340,-29988,-1223,-1418,-1387,-1365,-1336,-1315,-1265,-1198,-1226,-1062,-976,-983,-892]} 1. d4 Nf6 2. Nf3 e6 3. g3 c5 4. Bg2 cxd4 5. Nxd4 d5 6. O-O e5 7. Nb3 Be6 8. Bg5 {D02: 1 d4 d5 2 Nf3 sidelines, including 2...Nf6 3 g3 and 2...Nf6 3 Bf4} Nbd7 9. e4 (9. Nc3 Be7 10. Qd3 O-O 11. Rad1 d4 12. Bxf6 Nxf6 13. Ne4 Qc7 14. Nxf6+ Bxf6 15. c3 dxc3 16. Qxc3 Qxc3 17. bxc3 {0-1 (61) So,W (2760)-Nakamura,H (2741) Kolkata 2019}) 9... dxe4 10. Nc3 {The position is equal.} Be7 11. Nxe4 Nxe4 12. Bxe7 Qxe7 13. Bxe4 Nf6 14. Bg2 O-O 15. Re1 Qc7 {[#]} 16. Qe2 $146 Nd7 17. Rac1 Rac8 18. Nd2 Rfd8 ({But not} 18... Bxa2 $6 19. b3 $16) 19. Qe3 b6 20. Nf3 h6 ({Don't play} 20... Bxa2 21. b3 $16) 21. c4 Qc5 22. b3 {[%cal Rf3e5]} Qxe3 23. Rxe3 b5 {[%cal Rb5c4]} 24. Rec3 bxc4 25. bxc4 Rc5 26. Nd2 Nb6 27. R3c2 Bf5 28. Ne4 {[#]} Bxe4 $1 29. Bxe4 Rd4 $36 {[%mdl 2048] Keeping White busy.} 30. Re2 Rdxc4 31. Rxc4 Rxc4 $17 {[%mdl 4096] Endgame KRB-KRN} ({Reject} 31... Nxc4 $6 32. Rc2 $11) 32. Bc2 g6 33. Bb3 Rc1+ 34. Kg2 a5 35. Rxe5 a4 {Hoping for ...Kg7.} 36. Bd5 Nxd5 37. Rxd5 {KR-KR} Rc2 38. Ra5 Rxa2 39. h4 h5 (39... a3 $19 {is more deadly.} 40. h5 gxh5 41. Rxh5 Kg7) 40. Kf3 Kg7 41. Ra6 Ra3+ 42. Kf4 Ra1 43. f3 a3 {[%cal Ba4a3,Ba3a2][%mdl 32]} 44. Ra7 a2 45. Ra6 f6 $2 {[#]} (45... Kf8 46. Ra8+ Ke7 47. Ra7+ Kf6) 46. Ra7+ Kf8 47. Ra8+ Ke7 48. Ra7+ Ke6 49. Ra6+ Kd5 50. Ra5+ Kd4 51. Ra6 Kd3 52. Ra5 Ke2 (52... Rc1 $142 53. g4 a1=Q 54. Rxa1 Rxa1 55. gxh5 Ra4+ 56. Kg3 gxh5 57. Kf2 Ra2+ 58. Kg1 Ke3 59. Kf1 f5 60. f4 Rc2 61. Kg1 Kf3 62. Kh1 Kg3 63. Kg1 Rc1#) 53. Ra6 {Black is clearly winning.} Kf2 54. Ra5 Kg2 55. Ra3 Kh3 56. Ra4 Rb1 57. Rxa2 Rb4+ 58. Ke3 Kxg3 {Accuracy: White = 58%, Black = 80%.} 0-1

[Event "49th Rilton Cup 2019-20"]
[Site "Stockholm"]
[Date "2020.01.05"]
[Round "9.23"]
[White "Percivaldi, Martin"]
[Black "Torngren, Gustav"]
[Result "1-0"]
[WhiteElo "2403"]
[BlackElo "2255"]
[Annotator "NA"]
[PlyCount "51"]
[EventDate "2019.12.27"]
[EventType "swiss"]
[EventCountry "SWE"]
[SourceTitle "playchess.com"]
[Source "ChessBase"]
[SourceQuality "1"]
[TimeControl "30/5400+30:1800+30"]

1. d4 {[%emt 0:00:00]} Nf6 {[%emt 0:00:00]} 2. Bg5 {[%emt 0:00:30]} d5 {[%emt 0:00:30]} 3. e3 {[%emt 0:00:53]} c5 {[%emt 0:00:30]} 4. c3 {[%emt 0:01:02]} Nc6 {[%emt 0:15:26]} 5. Nd2 {[%emt 0:00:30]} b6 {[%emt 0:07:15]} 6. Bd3 {[%emt 0:01:30]} Bb7 {[%emt 0:00:43]} 7. f4 {[%emt 0:00:51]} g6 {[%emt 0:00:30]} 8. Ngf3 {[%emt 0:00:40]} Bg7 {[%emt 0:01:12]} 9. O-O {[%emt 0:00:44]} Qc7 {[%emt 0:00:48]} 10. Ne5 {[%emt 0:03:04]} Nd7 {[%emt 0:06:25]} 11. Bh4 {[%emt 0:02:04]} Ndxe5 {[%emt 0:16:27]} 12. fxe5 {[%emt 0:01:48]} O-O {[%emt 0:00:30]} 13. Nf3 {[%emt 0:13:24]} f6 {[%emt 0:05:26]} 14. exf6 {[%emt 0:01:00]} exf6 {[%emt 0:00:39]} 15. dxc5 {[%emt 0:00:30]} bxc5 {[%emt 0:01:53]} 16. e4 {[%emt 0:00:34]} dxe4 {[%emt 0:04:36]} 17. Bxe4 {[%emt 0:00:52]} Kh8 {[%emt 0:01:43]} 18. Qa4 {[%emt 0:06:11]} Rfe8 {[%emt 0:03:53]} 19. Rad1 {[%emt 0:07:18]} f5 {[%emt 0:08:57]} 20. Bd5 {[%emt 0:01:14]} Ne5 {[%emt 0:01:07]} 21. Nxe5 {[%emt 0:04:46]} Bxe5 {[%emt 0:00:30]} 22. Bxb7 {[%emt 0:00:30]} Qxb7 {[%emt 0:01:10]} 23. Rd7 {[%emt 0:00:30]} Qb8 {[%emt 0:06:22]} 24. Qc4 {[%emt 0:02:50]} Rg8 {[%emt 0:03:22]} 25. Re1 {[%emt 0:02:45]} Rg7 {[%emt 0:03:26]} 26. Rd8+ {[%emt 0:00:30]} 1-0

[Event "49th Rilton Cup 2019-20"]
[Site "Stockholm"]
[Date "2020.01.05"]
[Round "9.24"]
[White "Soumya, Swaminathan"]
[Black "Rasti, Arvin"]
[Result "1/2-1/2"]
[WhiteElo "2384"]
[BlackElo "2164"]
[Annotator "TA"]
[PlyCount "86"]
[EventDate "2019.12.27"]
[EventType "swiss"]
[EventCountry "SWE"]
[SourceTitle "playchess.com"]
[Source "ChessBase"]
[SourceQuality "1"]

{[%evp 27,86,80,65,82,67,79,74,79,68,73,88,73,109,87,116,68,61,57,155,146,161,128,140,94,97,0,135,0,95,85,75,78,92,86,191,183,191,185,254,192,196,191,574,569,472,66,45,52,156,98,73,32,36,38,44,46,50,57,52,34,56]} 1. e4 c5 2. Nf3 d6 3. d4 cxd4 4. Nxd4 Nf6 5. Nc3 g6 6. Be3 Bg7 7. f3 O-O 8. Qd2 Nc6 9. Bc4 Bd7 10. O-O-O Rc8 11. Bb3 Ne5 12. Kb1 Nc4 13. Bxc4 Rxc4 14. g4 b5 15. b3 {B78: Sicilian Dragon: Yugoslav Attack, 9 Bc4 Bd7 10 0-0-0 Rc8} (15. Ncxb5 Qb8 16. Na3 Ra4 17. Nb3 Bxg4 18. fxg4 Rxa3 19. bxa3 Nxe4 20. Qd3 Nc3+ 21. Kc1 Rc8 22. Rdf1 d5 {1-0 (40) Forcen Esteban,D (2567)-Baldauf,M (2485) chess.com INT 2019}) 15... b4 16. bxc4 bxc3 17. Qxc3 {White is better.} Qc7 18. g5 Nh5 19. Ka1 Rc8 20. Rb1 Be5 21. Rhd1 $146 ({Predecessor:} 21. Qb4 a5 22. Qb7 Qxc4 23. Qxd7 Qc3+ 24. Rb2 Rb8 25. Rhb1 Rxb2 26. Rxb2 Qe1+ 27. Rb1 Qc3+ 28. Rb2 Qe1+ 29. Rb1 Qc3+ {½-½ (29) Husek,M (2174)-Sramek,V (2041) Stare Mesto 2018}) 21... Be6 22. Rb2 Qd7 (22... Bxc4 $14 23. Rdb1 d5) 23. Qd2 $16 Bxc4 24. c3 Ba6 25. Rb3 Bc4 26. Rb2 Ba6 $1 27. Rb3 Bc4 28. Rb4 d5 29. Rdb1 dxe4 30. Rb7 $36 {[%mdl 2048] Black is under strong pressure.} Rc7 (30... Qd6 $16) 31. Rb8+ $18 Kg7 32. f4 Bd6 (32... Bxd4 $142 33. Qxd4+ (33. Bxd4+ f6 $16) 33... Qxd4 34. Bxd4+ (34. cxd4 Bd5 $16) 34... f6) 33. Nb5 Bxb5 34. R1xb5 {And now Qd5 would win.} Rc4 $2 (34... Rc8 {is tougher.} 35. Qd4+ f6) 35. Bd4+ f6 {[#]} 36. gxf6+ $2 (36. Be5 $1 $18 {[%mdl 512]} fxe5 37. fxe5) 36... Nxf6 $14 37. Bxf6+ Kxf6 {[#]} ({Black should try} 37... exf6 $14 38. Qd5 Rc7) 38. Qd5 (38. f5 $142 $1 {[%cal Rf5g6] Black must now prevent fxg6.} Rc8 39. Qd4+ Kf7 40. Qd5+ Kg7 41. fxg6 hxg6 42. h4) 38... Rc8 $16 39. R5b7 Qc6 {White is slightly better.} 40. Qd4+ Kf7 41. Rxc8 Qxc8 42. Rxa7 Bxf4 43. Ra4 Qh3 {Accuracy: White = 63%, Black = 53%.} 1/2-1/2